000 00618nam a2200253 a 4500
001 nice12345678
003 IN_TiNIC
005 20260116011827.0
008 050524s1911 lona grp 000 0 eng
020 _a
_c100
082 0 0 _a297.455
_bMAL
100 _aMalcolm, Napier
245 _aChildren of Persia
260 _aLondon
_bOliphant Anderson and Ferrier
_c1911
300 _a96p
500 _aincludes index and biblioraphy
505 2 _aindex
650 _aIslam-Iran
650 _aPolemics-Christianity Vs islam
700 1 _aMalcolm, Napier
902 _bSRS
942 _cBK
999 _c4251
_d4251